000 00808nam a22002057a 4500
999 _c370758
_d370758
008 201130b ||||| |||| 00| 0 eng d
040 _bger
_cDE-2950
_erda
_aDE-2950
041 _ager
100 _aSandow, Karin:
245 _aDie Oderhähne lassen Dampf ab.
_bKultur: Das Sommertheater im Biergarten des Theaters in Frankfurt geht zu Ende. Doch zuvor stand ein neues Kabarett-Stück auf dem Programm /
_cKarin Sandow
264 _c2021
653 _aFrankfurt (Oder)
653 _aKabarett
653 _aPremiere / "Mensch ärgere mich nicht"
773 _dFrankfurt (Oder): Märkisches Verlags- und Druckhaus GmbH & Co KG
_g32. Jahrgang (2021) Nr. 200 vom 28./29.08.2021, S. 18: Foto
_tMärkische Oderzeitung
942 _cA